[Event "Offene Thüringer Seniorenmeisterschaft"]
[Site "Apolda"]
[Date "2024.02.16"]
[Round "1.1"]
[White "Kahn, Peter"]
[Black "Brüggemann, Joachim"]
[Result "0-1"]
[WhiteElo "1935"]
[BlackElo "2277"]
[PlyCount "54"]
[EventDate "2024.??.??"]
[WhiteTeam "Siebenlehner SV"]
[BlackTeam "Erfurter SK"]

1. e4 c5 2. c3 d6 3. d4 Nf6 4. dxc5 Nc6 5. Bb5 Nxe4 6. cxd6 Nxd6 7. Bxc6+ bxc6
8. Nf3 Ba6 9. b3 f6 10. c4 e5 11. O-O Be7 12. Nc3 Qc7 13. Qc2 O-O 14. Bb2 Rae8
15. Rfe1 Bc8 16. Rad1 Bg4 17. Qe2 Nf7 18. h3 Bh5 19. g4 Bg6 20. Nh4 Ng5 21. Kg2
Ne6 22. Nxg6 hxg6 23. Qe3 Bb4 24. Kg1 Kf7 25. a3 Bxc3 26. Bxc3 Rh8 27. Qg3 Ng5
0-1

[Event "Offene Thüringer Seniorenmeisterschaft"]
[Site "Apolda"]
[Date "2024.02.16"]
[Round "1.2"]
[White "Prüfer, Friedbert"]
[Black "Flis, Pawel"]
[Result "1-0"]
[WhiteElo "2209"]
[BlackElo "1932"]
[PlyCount "81"]
[EventDate "2024.??.??"]
[WhiteTeam "TSG 1861 Taucha"]
[BlackTeam "RPW Okucia Budowlane Lodz"]

1. d4 c5 2. d5 Nf6 3. Nc3 e6 4. e4 d6 5. Bb5+ Bd7 6. a4 exd5 7. exd5 Be7 8. Nf3
O-O 9. h3 Na6 10. Bxa6 bxa6 11. Nd2 Rb8 12. Nc4 Bf5 13. O-O Ne4 14. Nxe4 Bxe4
15. Re1 Bg6 16. Bf4 Re8 17. Bxd6 Bxd6 18. Rxe8+ Qxe8 19. Nxd6 Qd7 20. Nc4 f6
21. b3 Re8 22. Qd2 Re4 23. c3 Bf7 24. Rd1 Qe7 25. Ne3 g6 26. c4 Rd4 27. Qc3 Qe5
28. Re1 Qf4 29. Nf1 Kg7 30. Ng3 Qd2 31. Qxd2 Rxd2 32. Ne4 Rd4 33. Nxc5 f5 34.
Nxa6 g5 35. Nc5 g4 36. Kf1 h5 37. Ke2 h4 38. hxg4 fxg4 39. g3 hxg3 40. fxg3
Bxd5 41. Ke3 1-0

[Event "Offene Thüringer Seniorenmeisterschaft"]
[Site "Apolda"]
[Date "2024.02.16"]
[Round "1.3"]
[White "Gast, Rainer"]
[Black "Brömel, Richard"]
[Result "1/2-1/2"]
[WhiteElo "1929"]
[BlackElo "2148"]
[PlyCount "39"]
[EventDate "2024.??.??"]
[WhiteTeam "SV Breitenworbis"]
[BlackTeam "SV Schott Jena"]

1. d4 d5 2. c4 e6 3. Nc3 Nf6 4. Bg5 Be7 5. e3 O-O 6. Nf3 b6 7. cxd5 exd5 8. Qc2
Be6 9. Be2 Nbd7 10. O-O h6 11. Bh4 a6 12. Rfd1 b5 13. Rac1 Rc8 14. a4 c6 15.
Na2 Ne4 16. Bxe7 Qxe7 17. Qb3 Nb6 18. axb5 axb5 19. Qb4 Qb7 20. b3 1/2-1/2

[Event "Offene Thüringer Seniorenmeisterschaft"]
[Site "Apolda"]
[Date "2024.02.16"]
[Round "1.4"]
[White "Zipfel, Frank"]
[Black "Rost, Detlef"]
[Result "1-0"]
[WhiteElo "2146"]
[BlackElo "1894"]
[PlyCount "55"]
[EventDate "2024.??.??"]
[WhiteTeam "fuß brothers Jena"]
[BlackTeam "SV Medizin Erfurt"]

1. e4 c5 2. Nc3 Nc6 3. Nf3 e5 4. g3 Nf6 5. Bg2 Be7 6. O-O O-O 7. d3 d6 8. Nd2
Nd4 9. a4 Be6 10. Nc4 Qd7 11. Nd5 Bg4 12. f3 Bh5 13. c3 Nc6 14. h4 h6 15. Kh2
Qd8 16. Nce3 Re8 17. Bh3 Bf8 18. Nxf6+ Qxf6 19. Bf5 Qd8 20. g4 Bg6 21. Bxg6
fxg6 22. Qb3+ Kh7 23. Qxb7 Qxh4+ 24. Kg2 Rec8 25. Nd5 Qd8 26. Qf7 Rab8 27. Rh1
Be7 28. Rxh6# 1-0

[Event "Offene Thüringer Seniorenmeisterschaft"]
[Site "Apolda"]
[Date "2024.02.16"]
[Round "1.5"]
[White "Schmidt, Matthias"]
[Black "Belke, Frank"]
[Result "0-1"]
[WhiteElo "1888"]
[BlackElo "2144"]
[PlyCount "96"]
[EventDate "2024.??.??"]
[WhiteTeam "SC Wolfratshausen 1948 e.V."]
[BlackTeam "SK Hitzing-Wien"]

1. d4 Nf6 2. c4 g6 3. Nc3 d5 4. cxd5 Nxd5 5. e4 Nxc3 6. bxc3 Bg7 7. Qa4+ Nd7 8.
Nf3 O-O 9. Be3 c5 10. Rc1 Nf6 11. d5 Qc7 12. h3 Bd7 13. Qc2 c4 14. Be2 e6 15.
d6 Qc6 16. e5 Nd5 17. Qd2 Nxe3 18. Qxe3 Rfc8 19. Nd4 Qa4 20. Bf3 Rab8 21. O-O
Qa5 22. Rb1 b6 23. Rfe1 Rc5 24. Qg5 f6 25. Qd2 Rxe5 26. Bc6 Rd8 27. Bxd7 Rxd7
28. Nxe6 Qd5 29. Qxd5 Rxd5 30. Rb4 R5xd6 31. Nxg7 Kxg7 32. Rxc4 Rd2 33. Ra4 Rc2
34. Ra3 a5 35. Rb3 Rd6 36. Reb1 Rdd2 37. Rf1 a4 38. Rxb6 Rxa2 39. c4 Rac2 40.
Rb4 a3 41. Ra4 a2 42. g3 f5 43. h4 Kf6 44. Re1 Rxf2 45. Ra6+ Kg7 46. Ra7+ Kh6
47. Ree7 Kh5 48. Rxh7+ Kg4 0-1

[Event "Offene Thüringer Seniorenmeisterschaft"]
[Site "Apolda"]
[Date "2024.02.16"]
[Round "1.6"]
[White "Welke, Klaus"]
[Black "Lehmann, Joachim"]
[Result "1/2-1/2"]
[WhiteElo "2140"]
[BlackElo "1886"]
[PlyCount "46"]
[EventDate "2024.??.??"]
[WhiteTeam "SF Nordost Berlin"]
[BlackTeam "Ilmenauer SV"]

1. d4 d5 2. c4 Nf6 3. Nc3 e6 4. Bg5 c6 5. e3 Nbd7 6. Nf3 Qa5 7. Qb3 Ne4 8. Bh4
Nb6 9. c5 Nxc3 10. Qxc3 Qxc3+ 11. bxc3 Nd7 12. Bd3 b6 13. cxb6 axb6 14. a4 Ba6
15. Kd2 Bxd3 16. Kxd3 c5 17. Bg3 f6 18. Rhb1 Be7 19. Bc7 Bd8 20. Bd6 Be7 21.
Bc7 Bd8 22. Bd6 Be7 23. Bc7 Bd8 1/2-1/2

[Event "Offene Thüringer Seniorenmeisterschaft"]
[Site "Apolda"]
[Date "2024.02.16"]
[Round "1.7"]
[White "Schulz, Uwe"]
[Black "Krüger, Erich"]
[Result "0-1"]
[WhiteElo "1867"]
[BlackElo "2137"]
[PlyCount "78"]
[EventDate "2024.??.??"]
[WhiteTeam "SV Schott Jena"]
[BlackTeam "SF Essen-Katernberg 04/32 e.V."]

1. d4 Nf6 2. c4 g6 3. g3 Bg7 4. Nf3 O-O 5. Bg2 d6 6. O-O c6 7. Nc3 Qa5 8. Re1
Be6 9. Qd3 Qa6 10. b3 d5 11. Nd2 Rd8 12. e3 Nbd7 13. Qf1 dxc4 14. Nxc4 Nb6 15.
Nd2 Qxf1+ 16. Nxf1 Nfd5 17. Nxd5 Nxd5 18. Bxd5 Bxd5 19. Ba3 e5 20. dxe5 Bxe5
21. Rac1 Bf3 22. Bb4 f5 23. Nd2 Bd5 24. f4 Bc7 25. Kf2 a5 26. Bc3 a4 27. Re2
axb3 28. axb3 b5 29. Bf6 Re8 30. Ra1 Kf7 31. Rxa8 Rxa8 32. Bd4 Ra2 33. Nf3 Bxb3
34. Rxa2 Bxa2 35. Ne5+ Bxe5 36. fxe5 Ke6 37. Ke2 Kd5 38. Kd3 b4 39. e6 Bc4+ 0-1

[Event "Offene Thüringer Seniorenmeisterschaft"]
[Site "Apolda"]
[Date "2024.02.16"]
[Round "1.8"]
[White "Brandes, Stephan"]
[Black "Schmieder, Siegfried"]
[Result "1-0"]
[WhiteElo "2128"]
[BlackElo "1857"]
[PlyCount "33"]
[EventDate "2024.??.??"]
[WhiteTeam "Hildesheimer SV"]
[BlackTeam "SG Schwäbisch Gmünd 1872 e.V"]

1. d4 f5 2. g4 fxg4 3. e4 d6 4. Nc3 g6 5. h3 g3 6. fxg3 Bg7 7. Bc4 Nc6 8. Nf3
Nf6 9. Ng5 Rf8 10. Ne6 Bxe6 11. Bxe6 Nd7 12. Ne2 Rf6 13. Bb3 Na5 14. Bg5 Nxb3
15. Bxf6 Nxf6 16. axb3 Nxe4 17. Qd3 1-0

[Event "Offene Thüringer Seniorenmeisterschaft"]
[Site "Apolda"]
[Date "2024.02.16"]
[Round "1.9"]
[White "Schreyer, Klaus"]
[Black "Cap, Piotr"]
[Result "0-1"]
[WhiteElo "1842"]
[BlackElo "2105"]
[PlyCount "70"]
[EventDate "2024.??.??"]
[WhiteTeam "SV 1910 Kahla"]
[BlackTeam "RPW Okucia Budowlane Lodz"]

1. e4 c6 2. d4 d5 3. exd5 cxd5 4. Nf3 Nc6 5. Bb5 Qb6 6. Nc3 Nf6 7. Ne5 e6 8.
O-O Bd6 9. Bxc6+ bxc6 10. Bf4 Qc7 11. Na4 O-O 12. Nc5 Re8 13. Re1 Nd7 14. Qg4
Nxc5 15. dxc5 Bxc5 16. Nd3 Bd6 17. b4 e5 18. Qg3 f6 19. Nc5 Bf5 20. Bd2 Bxc5
21. bxc5 Bxc2 22. Rac1 Bg6 23. Qa3 Rab8 24. Re3 Rb5 25. Rb3 Reb8 26. Rcc3 h6
27. Rg3 Kh7 28. h4 Rxb3 29. axb3 d4 30. b4 Qd7 31. h5 Bxh5 32. Qd3+ f5 33. Rh3
Bg6 34. Bxh6 gxh6 35. Qg3 Qg7 0-1

[Event "Offene Thüringer Seniorenmeisterschaft"]
[Site "Apolda"]
[Date "2024.02.16"]
[Round "1.10"]
[White "Von Otte, Wilhelm"]
[Black "Streit, Jürgen"]
[Result "1-0"]
[WhiteElo "2103"]
[BlackElo "1827"]
[PlyCount "89"]
[EventDate "2024.??.??"]
[WhiteTeam "TSG Ruhla"]
[BlackTeam "Schachzirkel Elstertal Langenb."]

1. e4 c5 2. c3 d5 3. exd5 Qxd5 4. Nf3 Nf6 5. Na3 e6 6. Bc4 Qd8 7. O-O Be7 8. d4
O-O 9. Bf4 a6 10. dxc5 Qxd1 11. Raxd1 Bxc5 12. Nc2 b5 13. Bb3 Bb7 14. Ne5 Bd5
15. Nd3 Bxb3 16. axb3 Be7 17. Ne5 Nd5 18. Bc1 f6 19. c4 bxc4 20. bxc4 Nb6 21.
Be3 Na4 22. Nd7 Nxb2 23. Nxf8 Nxd1 24. Nxe6 Nxe3 25. Nxe3 Kf7 26. Nc7 Ra7 27.
Ncd5 Bc5 28. Rb1 Nc6 29. Kf1 a5 30. Ke2 a4 31. Kd3 a3 32. Nc2 Bxf2 33. Nc3 Ne5+
34. Ke2 Bc5 35. Rb5 Be7 36. c5 Nc6 37. Rb6 Ne5 38. c6 Rc7 39. Nd4 Kg6 40. Ra6
Bc5 41. Nd5 Rc8 42. c7 Re8 43. Ne6 Nc4 44. Kd3 Nd6 45. Nxc5 1-0

[Event "Offene Thüringer Seniorenmeisterschaft"]
[Site "Apolda"]
[Date "2024.02.16"]
[Round "1.11"]
[White "Guder, Sibylle"]
[Black "Feld-Gerdes, Wolfgang"]
[Result "0-1"]
[WhiteElo "1815"]
[BlackElo "2097"]
[PlyCount "64"]
[EventDate "2024.??.??"]
[WhiteTeam "SF Berlin 1903 e.V."]
[BlackTeam "SC Suhl"]

1. c4 b6 2. Nc3 Bb7 3. e4 e6 4. g3 f5 5. Bg2 Nf6 6. d3 Bb4 7. Nge2 fxe4 8. O-O
Na6 9. dxe4 Nc5 10. Qc2 O-O 11. a3 Bxc3 12. Nxc3 a5 13. Bg5 h6 14. Be3 Ng4 15.
Bxc5 bxc5 16. Qe2 Ne5 17. f4 Nc6 18. Qh5 Qe7 19. e5 Rab8 20. Qg6 Qf7 21. Qxf7+
Rxf7 22. a4 Nd4 23. Bxb7 Rxb7 24. Nb5 g5 25. Rf2 gxf4 26. gxf4 Rxf4 27. Rg2+
Kf7 28. Rf1 Nf3+ 29. Kh1 Rf5 30. Rd1 Nxe5 31. Rdg1 Ke7 32. b3 c6 0-1

[Event "Offene Thüringer Seniorenmeisterschaft"]
[Site "Apolda"]
[Date "2024.02.16"]
[Round "1.12"]
[White "Berghof, Axel"]
[Black "Lindner, Helmut"]
[Result "1-0"]
[WhiteElo "2078"]
[BlackElo "1804"]
[PlyCount "73"]
[EventDate "2024.??.??"]
[WhiteTeam "SC Suhl"]
[BlackTeam "SC Prichsenstadt"]

1. e4 c6 2. d4 d5 3. exd5 cxd5 4. Bd3 Nf6 5. c3 Bg4 6. Ne2 e6 7. Qb3 Bxe2 8.
Bxe2 b6 9. Bf4 Be7 10. Bb5+ Kf8 11. h3 a6 12. Bd3 Bd6 13. Be3 Nc6 14. Nd2 b5
15. Qd1 Qc7 16. O-O Na5 17. Rc1 Ke7 18. b3 Rhc8 19. f4 g6 20. Qe1 Kf8 21. Qh4
Nh5 22. g4 Be7 23. Qf2 Ng7 24. Nf3 Kg8 25. h4 h5 26. gxh5 Nxh5 27. Ne5 Kg7 28.
f5 exf5 29. Bxf5 Rf8 30. Bg4 Nf6 31. Bf3 Ne4 32. Bxe4 dxe4 33. Qf4 Bd6 34. Qh6+
Kg8 35. Bf4 Nc6 36. Ng4 Qd8 37. Bxd6 1-0

[Event "Offene Thüringer Seniorenmeisterschaft"]
[Site "Apolda"]
[Date "2024.02.16"]
[Round "1.13"]
[White "Czyz, Andrzej"]
[Black "Haubt, Georg"]
[Result "1-0"]
[WhiteElo "1803"]
[BlackElo "2051"]
[PlyCount "125"]
[EventDate "2024.??.??"]
[BlackTeam "SV Oberursel"]

1. e4 d5 2. exd5 Nf6 3. d4 Nxd5 4. Nf3 Bf5 5. Bd3 Bxd3 6. Qxd3 c6 7. O-O Nd7 8.
Re1 Qc7 9. c4 N5f6 10. Nc3 Rd8 11. Bg5 h6 12. Bh4 Qa5 13. Qe2 g5 14. Bg3 Nh5
15. Ne4 e6 16. a3 Nxg3 17. hxg3 Be7 18. Rad1 O-O 19. d5 exd5 20. cxd5 cxd5 21.
Nc3 Bf6 22. Rxd5 Qb6 23. Qd2 Nc5 24. Qe3 Rc8 25. b4 Bxc3 26. Qxc3 Ne4 27. Qd4
Qxd4 28. Rxd4 f5 29. Nd2 Nf6 30. Nc4 Rc7 31. Nd6 Nh5 32. Nb5 Rc2 33. Nxa7 f4
34. g4 Nf6 35. f3 Ra2 36. Rd3 Ra8 37. Nb5 Rc8 38. Kh2 Rcc2 39. Rg1 Re2 40. Nc3
Rad2 41. Rxd2 Rxd2 42. Rc1 h5 43. gxh5 g4 44. Ne4 Nxe4 45. fxe4 f3 46. Rg1 Ra2
47. Kg3 Rxa3 48. Kxg4 fxg2 49. Rxg2 Rb3 50. Kf5+ Kf8 51. h6 Rf3+ 52. Kg6 Kg8
53. Rd2 Rg3+ 54. Kf5 Rf3+ 55. Kg4 Rf7 56. e5 Rc7 57. Kf5 Kh7 58. Kf6 b5 59. e6
Rc4 60. e7 Re4 61. Rf2 Kg8 62. h7+ Kxh7 63. Kf7 1-0

[Event "Offene Thüringer Seniorenmeisterschaft"]
[Site "Apolda"]
[Date "2024.02.16"]
[Round "1.14"]
[White "Schott, Guido"]
[Black "Pichl, Michael"]
[Result "1-0"]
[WhiteElo "2047"]
[BlackElo "1796"]
[PlyCount "55"]
[EventDate "2024.??.??"]
[WhiteTeam "SV Hennef 1927 e.V."]
[BlackTeam "SV Empor Erfurt"]

1. e4 c5 2. Nf3 g6 3. d4 cxd4 4. Nxd4 Nf6 5. Bd3 d6 6. O-O Bg7 7. c4 Nbd7 8.
Nc3 O-O 9. Re1 a6 10. Bf1 Ne5 11. f3 Bd7 12. b3 Rc8 13. Bb2 Qb6 14. Rb1 Nc6 15.
Na4 Qa7 16. Kh1 Nxe4 17. fxe4 Ne5 18. h3 Bxa4 19. bxa4 Nxc4 20. Bxc4 Rxc4 21.
Nf3 Rfc8 22. Bxg7 Kxg7 23. Qd5 Rc2 24. Rxb7 Qf2 25. Rg1 Rc1 26. Rxc1 Rxc1+ 27.
Kh2 Qf1 28. Rxe7 1-0

[Event "Offene Thüringer Seniorenmeisterschaft"]
[Site "Apolda"]
[Date "2024.02.16"]
[Round "1.15"]
[White "Dötzel, Hartwig"]
[Black "Pfitzer, Norbert"]
[Result "0-1"]
[WhiteElo "1794"]
[BlackElo "2044"]
[PlyCount "80"]
[EventDate "2024.??.??"]
[WhiteTeam "USV TU Dresden"]
[BlackTeam "SV Backnang"]

1. e4 d6 2. d4 Nf6 3. Nc3 g6 4. f4 Bg7 5. Nf3 O-O 6. Bc4 Nc6 7. Bb3 e5 8. dxe5
dxe5 9. Qxd8 Rxd8 10. fxe5 Ng4 11. h3 Ngxe5 12. Nxe5 Nxe5 13. O-O c6 14. Bg5
Re8 15. Bf6 Be6 16. Bxe6 Rxe6 17. Bxg7 Kxg7 18. Rad1 Rae8 19. Rfe1 R8e7 20. Kf2
Nc4 21. b3 Nd6 22. Re2 Nxe4+ 23. Nxe4 Rxe4 24. Rxe4 Rxe4 25. Rd7 Rb4 26. c3 Rb5
27. c4 Rb4 28. Ke3 a5 29. Kd4 b5 30. Ra7 bxc4 31. Kc3 cxb3 32. axb3 Rb5 33. Ra6
Rc5+ 34. Kd4 Rg5 35. Rxc6 Rxg2 36. Rc3 Rg5 37. Ke4 Rb5 38. Kf4 Rb4+ 39. Kf3 a4
40. bxa4 Rxa4 0-1

[Event "Offene Thüringer Seniorenmeisterschaft"]
[Site "Apolda"]
[Date "2024.02.16"]
[Round "1.16"]
[White "Sauer, Marko"]
[Black "Richter, Jürgen"]
[Result "1-0"]
[WhiteElo "2044"]
[BlackElo "1748"]
[PlyCount "113"]
[EventDate "2024.??.??"]
[WhiteTeam "SG Arnstadt-Stadtilm"]
[BlackTeam "SK Germania Kupferdreh 1924 e.V."]

1. e4 d5 2. exd5 Qxd5 3. Nc3 Qa5 4. d4 Nf6 5. Bd2 c6 6. Nf3 Bf5 7. Bc4 Qc7 8.
Ne5 e6 9. g4 Be4 10. Nxe4 Nxe4 11. Qe2 Nxd2 12. Qxd2 b5 13. Be2 Nd7 14. O-O-O
Bd6 15. f4 f6 16. Nd3 Nb6 17. Bf3 O-O 18. f5 Nc4 19. Qf2 Qa5 20. Kb1 exf5 21.
gxf5 Rac8 22. Qe1 Qxe1 23. Rhxe1 Bxh2 24. Re6 Rfd8 25. Nc5 Bf4 26. Bxc6 Ne3 27.
Re1 Nxf5 28. c3 Bd6 29. Be4 Bxc5 30. Bxf5 Bf8 31. Rxf6 Rc7 32. Be6+ Kh8 33. Rf5
b4 34. Ref1 Be7 35. c4 Bf6 36. R5f4 h6 37. d5 Rd6 38. R1f3 a5 39. Re4 Rd8 40.
Bf5 Re7 41. Be6 Rc7 42. Rf2 Rc5 43. b3 Rc7 44. Kc2 Rd6 45. Kd3 Ra6 46. Bf5 g5
47. Re6 Rxe6 48. Bxe6 Kg7 49. Ke4 h5 50. d6 Rc5 51. Bd5 g4 52. d7 g3 53. Rxf6
Rxd5 54. cxd5 g2 55. d8=Q g1=Q 56. Qf8+ Kh7 57. Rh6# 1-0

[Event "Offene Thüringer Seniorenmeisterschaft"]
[Site "Apolda"]
[Date "2024.02.16"]
[Round "1.17"]
[White "Geike, Eberhard"]
[Black "Schrems, Hermann"]
[Result "0-1"]
[WhiteElo "1743"]
[BlackElo "2040"]
[PlyCount "100"]
[EventDate "2024.??.??"]
[WhiteTeam "Telestar Berlin"]
[BlackTeam "SC Emmendingen 1937 e.V."]

1. e4 Nf6 2. Nc3 d5 3. exd5 Nxd5 4. Bc4 e6 5. Nf3 Nxc3 6. bxc3 Nd7 7. d4 c5 8.
O-O Be7 9. Re1 O-O 10. Bf4 Nf6 11. Ne5 Nd5 12. Qf3 Nxf4 13. Qxf4 cxd4 14. cxd4
Bb4 15. Red1 Qf6 16. Qg3 Be7 17. Rab1 a6 18. Rb3 g6 19. Be2 Qg5 20. Qc3 Bd6 21.
Nf3 Qe7 22. Qd2 b5 23. Qh6 f6 24. Nd2 Bb7 25. Bf3 Bxf3 26. Rxf3 Rac8 27. c3 f5
28. Qe3 e5 29. dxe5 Qxe5 30. Qd3 Qxh2+ 31. Kf1 Qh1+ 32. Ke2 Rfe8+ 33. Re3 Rxe3+
34. Qxe3 Qh5+ 35. Qf3 Qxf3+ 36. Nxf3 Bf8 37. Rd3 Re8+ 38. Kd1 Bc5 39. Rd2 Re6
40. Kc2 h6 41. Kb2 Kf7 42. Kb3 Re4 43. Nh2 Ke6 44. f3 Re1 45. a4 Rb1+ 46. Kc2
Rh1 47. g3 bxa4 48. f4 a3 49. Kb3 Rb1+ 50. Ka2 Rg1 0-1

[Event "Offene Thüringer Seniorenmeisterschaft"]
[Site "Apolda"]
[Date "2024.02.16"]
[Round "1.18"]
[White "Heller, Achim"]
[Black "Mitschka, Manfred"]
[Result "1-0"]
[WhiteElo "2037"]
[BlackElo "1740"]
[PlyCount "126"]
[EventDate "2024.??.??"]
[WhiteTeam "SG Ennepe-Ruhr-Süd e.V."]
[BlackTeam "SK Neuburg"]

1. d4 Nf6 2. c4 e6 3. Nf3 Bb4+ 4. Nbd2 b6 5. e3 Bb7 6. Bd3 Be4 7. Qc2 Bxd3 8.
Qxd3 d5 9. b3 O-O 10. O-O Nbd7 11. Bb2 Rc8 12. e4 Bxd2 13. Nxd2 dxe4 14. Nxe4
Nxe4 15. Qxe4 Nf6 16. Qf3 Re8 17. Rad1 Qd6 18. Rfe1 Nd7 19. Qg4 f5 20. Qe2 Nf6
21. f3 Kf7 22. Qc2 c6 23. Qc3 b5 24. Qa5 Qc7 25. Qc3 bxc4 26. bxc4 Qb6 27. Kh1
Rb8 28. Ba1 Qb4 29. Qc2 Qa5 30. Re5 Qc7 31. Rde1 Rb7 32. Qe2 Qd6 33. d5 cxd5
34. cxd5 Nxd5 35. Rxf5+ Nf6 36. Re5 Rd7 37. Bc3 Qd3 38. Qxd3 Rxd3 39. Ba1 Ra3
40. R5e2 Ra4 41. Kg1 g6 42. Rb1 Rc4 43. Kf2 Nd5 44. Rb7+ Re7 45. Rb8 Rec7 46.
Rh8 Nf6 47. Be5 Rd7 48. g4 g5 49. h4 Kg6 50. Rf8 Rf7 51. h5+ Kg7 52. Re8 Rc6
53. Ba1 Rfc7 54. R8xe6 Kf7 55. R6e5 Rc5 56. a4 Rxe5 57. Rxe5 h6 58. Rf5 Rc6 59.
Ke3 Ke7 60. Re5+ Kd7 61. Ra5 Re6+ 62. Kd4 a6 63. Rf5 Kc6 {Zeitüberschreitung}
1-0

[Event "Offene Thüringer Seniorenmeisterschaft"]
[Site "Apolda"]
[Date "2024.02.16"]
[Round "1.19"]
[White "Schmid, Walter"]
[Black "Heck, Norbert"]
[Result "0-1"]
[WhiteElo "1730"]
[BlackElo "2019"]
[PlyCount "104"]
[EventDate "2024.??.??"]
[WhiteTeam "TSG Apolda"]
[BlackTeam "SF Neuberg"]

1. e4 g6 2. d4 Bg7 3. c3 d6 4. Nf3 Nf6 5. Bd3 O-O 6. O-O c5 7. d5 e6 8. c4 exd5
9. exd5 Na6 10. Nc3 Nc7 11. h3 Rb8 12. a4 a6 13. a5 Re8 14. Re1 b5 15. axb6
Rxb6 16. Rxe8+ Ncxe8 17. Qc2 Nh5 18. Rb1 Bd7 19. Bg5 Qc8 20. Kh2 f5 21. Ne2 Qb8
22. b3 Nef6 23. Nf4 Nxf4 24. Bxf4 Ne4 25. Bxe4 fxe4 26. Nd2 a5 27. Be3 Be5+ 28.
Kg1 Rb4 29. Re1 a4 30. bxa4 Rxa4 31. Qxe4 Bf5 32. Qh4 Bd3 33. Bh6 Ra7 34. Nf3
Bg7 35. Bxg7 Rxg7 36. Re3 Bf5 37. Re7 Qf8 38. Rxg7+ Kxg7 39. Qf4 Qf6 40. g4 Bd3
41. Qxf6+ Kxf6 42. Nd2 Ke5 43. Kg2 Kd4 44. h4 Bxc4 45. Nxc4 Kxc4 46. f4 Kxd5
47. Kf3 Ke6 48. Ke3 d5 49. Kd3 Kf6 50. Ke3 h5 51. gxh5 gxh5 52. Kf3 Kf5 0-1

[Event "Offene Thüringer Seniorenmeisterschaft"]
[Site "Apolda"]
[Date "2024.02.16"]
[Round "1.20"]
[White "Witte, Ronald"]
[Black "Lein, Andreas"]
[Result "1-0"]
[WhiteElo "1994"]
[BlackElo "1709"]
[PlyCount "95"]
[EventDate "2024.??.??"]
[WhiteTeam "BSV 63 Chemie Weißensee"]
[BlackTeam "Erfurter SK"]

1. d4 Nf6 2. Nf3 e6 3. e3 c5 4. Nbd2 d5 5. c3 Nc6 6. Bd3 c4 7. Bc2 Bd6 8. e4
dxe4 9. Nxe4 Nxe4 10. Bxe4 Bd7 11. O-O O-O 12. Qe2 f5 13. Bxc6 bxc6 14. Qxc4
Kh8 15. Re1 Re8 16. Bd2 h6 17. a4 Qf6 18. Ne5 Bxe5 19. Rxe5 f4 20. f3 g5 21.
Qe2 Re7 22. c4 Rae8 23. Bc3 Kg8 24. Ra5 Qg6 25. Rxa7 h5 26. Qe4 Qh6 27. Rf1 Rf7
28. Qe5 g4 29. Qd6 Qh7 30. Ra5 Qg6 31. Qe5 Rf5 32. Qe4 gxf3 33. Qxf3 h4 34.
Rxf5 exf5 35. Re1 Re4 36. Rxe4 fxe4 37. Qxf4 Bh3 38. g3 e3 39. Qxe3 Qb1+ 40.
Qe1 Qc2 41. Qf2 Qe4 42. gxh4 Kh7 43. Qg3 Qf5 44. Qc7+ Kg8 45. Qg3+ Kh7 46. Qc7+
Kg8 47. Qd8+ Kh7 48. Qe7+ 1-0

[Event "Offene Thüringer Seniorenmeisterschaft"]
[Site "Apolda"]
[Date "2024.02.16"]
[Round "1.21"]
[White "Klein, Gernot"]
[Black "Waltenberger, Udo"]
[Result "0-1"]
[WhiteElo "1680"]
[BlackElo "1987"]
[PlyCount "92"]
[EventDate "2024.??.??"]
[WhiteTeam "Post-Telekom SV 1925 Aachen e.V."]
[BlackTeam "SV Eiche Reichenbrand"]

1. e4 c5 2. Nf3 Nc6 3. Nc3 g6 4. d4 cxd4 5. Nxd4 Bg7 6. Be3 Nf6 7. Bc4 O-O 8.
Bb3 a5 9. a4 Ng4 10. Qxg4 Nxd4 11. Qd1 Nxb3 12. cxb3 d6 13. O-O Be6 14. Re1 Rc8
15. Rc1 Rc6 16. Re2 Qc7 17. Nd5 Rxc1 18. Qxc1 Qxc1+ 19. Bxc1 Bxd5 20. exd5 Rc8
21. Be3 Bd4 22. Kf1 Bxe3 23. fxe3 Rc1+ 24. Re1 Rxe1+ 25. Kxe1 Kg7 26. Kd2 Kf6
27. Kc3 Ke5 28. b4 Kxd5 29. bxa5 e5 30. b4 f5 31. b5 Kc5 32. Kd3 d5 33. g3 g5
34. h3 h5 35. h4 g4 36. Ke2 Kd6 37. Kf2 Kc7 38. Ke2 d4 39. Kf2 d3 40. Ke1 f4
41. exf4 exf4 42. gxf4 g3 43. f5 g2 44. Kf2 d2 45. f6 d1=Q 46. Kxg2 Qg4+ 0-1

[Event "Offene Thüringer Seniorenmeisterschaft"]
[Site "Apolda"]
[Date "2024.02.16"]
[Round "1.22"]
[White "Sielicki, Tomasz"]
[Black "Auerswald, Klaus"]
[Result "1-0"]
[WhiteElo "1975"]
[BlackElo "1669"]
[PlyCount "29"]
[EventDate "2024.??.??"]
[BlackTeam "SV Jenapharm Jena"]

1. d4 d5 2. Bf4 Nf6 3. e3 c5 4. Nc3 e6 5. Nb5 Na6 6. a4 cxd4 7. exd4 Be7 8. Nf3
O-O 9. Bd3 h6 10. g4 Nxg4 11. Rg1 Nxf2 12. Kxf2 Bh4+ 13. Kg2 Kh8 14. Kh1 Bf6
15. Qd2 1-0

[Event "Offene Thüringer Seniorenmeisterschaft"]
[Site "Apolda"]
[Date "2024.02.16"]
[Round "1.23"]
[White "Reimers, Christine"]
[Black "Stern, Geoffrey"]
[Result "1-0"]
[WhiteElo "1605"]
[BlackElo "1967"]
[PlyCount "61"]
[EventDate "2024.??.??"]
[WhiteTeam "Itzehoer SV von 1923"]
[BlackTeam "Gambit Bonnevoie"]

1. f4 Nf6 2. Nf3 g6 3. g3 Bg7 4. Bg2 O-O 5. O-O c5 6. d3 Nc6 7. e4 d6 8. c3 Rb8
9. a4 a6 10. Na3 Qc7 11. Nc4 b5 12. Ne3 e6 13. Rb1 d5 14. e5 Nd7 15. axb5 axb5
16. b3 Nb6 17. d4 cxd4 18. cxd4 Bd7 19. Qd2 Rfc8 20. Ba3 Ra8 21. Bc5 Qb7 22.
Ng4 Be8 23. Nf6+ Kh8 24. Ng5 Bxf6 25. exf6 Nd7 26. Bd6 Nxf6 27. Be5 Nxe5 28.
fxe5 Ne4 29. Qb4 Kg7 30. Nxe6+ Kh6 31. Qf8+ 1-0

[Event "Offene Thüringer Seniorenmeisterschaft"]
[Site "Apolda"]
[Date "2024.02.16"]
[Round "1.24"]
[White "Paus, Franz"]
[Black "Langner, Hans-Rainer"]
[Result "1/2-1/2"]
[WhiteElo "1958"]
[BlackElo "1583"]
[PlyCount "60"]
[EventDate "2024.??.??"]
[WhiteTeam "Schachfüchse Kempen 1986 e.V."]
[BlackTeam "Tempelhofer SV Mariendorf 1897"]

1. d4 d5 2. Bf4 Nf6 3. e3 c5 4. Nf3 Nc6 5. c3 cxd4 6. exd4 Bg4 7. Be2 e6 8.
Nbd2 Bd6 9. Bxd6 Qxd6 10. h3 Bxf3 11. Nxf3 O-O 12. O-O Ne4 13. Bd3 f5 14. Re1
Rf7 15. Ne5 Rf6 16. Rc1 Rh6 17. Bxe4 fxe4 18. Ng4 Rg6 19. f3 h5 20. Ne3 exf3
21. Qxf3 Rh6 22. Rf1 Rf8 23. Qxf8+ Qxf8 24. Rxf8+ Kxf8 25. g3 Ke7 26. Rf1 g5
27. Kg2 Rf6 28. Rxf6 Kxf6 29. Kf3 Ne7 30. a4 e5 1/2-1/2

[Event "Offene Thüringer Seniorenmeisterschaft"]
[Site "Apolda"]
[Date "2024.02.16"]
[Round "1.25"]
[White "Stetefeldt, Mario"]
[Black "Richter, Rainer"]
[Result "0-1"]
[WhiteElo "1550"]
[BlackElo "1945"]
[PlyCount "118"]
[EventDate "2024.??.??"]
[WhiteTeam "SC 1998 Gotha"]
[BlackTeam "SK Germania Kupferdreh 1924 e.V."]

1. e4 c5 2. Nf3 e6 3. d4 cxd4 4. Nxd4 Nc6 5. c4 Nf6 6. Nc3 Bb4 7. Nxc6 bxc6 8.
Bd3 d5 9. cxd5 exd5 10. Qa4 Bxc3+ 11. bxc3 O-O 12. O-O dxe4 13. Bxe4 Nxe4 14.
Qxe4 Ba6 15. Re1 Qd7 16. Be3 Rfe8 17. Qd4 Qxd4 18. cxd4 Bc4 19. Rec1 Bd5 20.
Rcb1 Reb8 21. a3 a5 22. Bf4 Rb5 23. Rxb5 cxb5 24. Bd6 f6 25. Re1 Rc8 26. Bc5
Kf7 27. f3 Rb8 28. Rb1 Bc4 29. Kf2 Ke6 30. Re1+ Kf7 31. Rb1 Rb7 32. g4 Ke6 33.
Re1+ Kd5 34. Re7 Rxe7 35. Bxe7 Kxd4 36. Bf8 g6 37. Bg7 b4 38. Bxf6+ Kd3 39.
axb4 axb4 40. g5 b3 41. h4 Kc2 42. Ke3 b2 43. Bxb2 Kxb2 44. Kd4 Be2 45. f4 Kc2
46. Ke5 Bd3 47. h5 gxh5 48. f5 h4 49. f6 Bg6 50. Kf4 Bh5 51. Ke3 Kc3 52. Kf2
Kd4 53. Kg2 Ke5 54. Kh3 Kf4 55. Kxh4 Bg6 56. Kh3 Kxg5 57. Kg3 Kxf6 58. Kg4 h5+
59. Kh4 Kf5 0-1